<?xml version="1.0" encoding="UTF-8"?><?xml-stylesheet type="text/xsl" href="static/style.xsl"?><OAI-PMH xmlns="http://www.openarchives.org/OAI/2.0/" xmlns:xsi="http://www.w3.org/2001/XMLSchema-instance" xsi:schemaLocation="http://www.openarchives.org/OAI/2.0/ http://www.openarchives.org/OAI/2.0/OAI-PMH.xsd"><responseDate>2026-04-26T07:15:48Z</responseDate><request verb="GetRecord" identifier="oai:uvadoc.uva.es:10324/48146" metadataPrefix="marc">https://uvadoc.uva.es/oai/request</request><GetRecord><record><header><identifier>oai:uvadoc.uva.es:10324/48146</identifier><datestamp>2021-08-30T08:11:21Z</datestamp><setSpec>com_10324_38</setSpec><setSpec>col_10324_852</setSpec></header><metadata><record xmlns="http://www.loc.gov/MARC21/slim" xmlns:doc="http://www.lyncode.com/xoai" xmlns:xsi="http://www.w3.org/2001/XMLSchema-instance" xmlns:dcterms="http://purl.org/dc/terms/" xsi:schemaLocation="http://www.loc.gov/MARC21/slim http://www.loc.gov/standards/marcxml/schema/MARC21slim.xsd">
<leader>00925njm 22002777a 4500</leader>
<datafield tag="042" ind1=" " ind2=" ">
<subfield code="a">dc</subfield>
</datafield>
<datafield tag="720" ind1=" " ind2=" ">
<subfield code="a">Pascual Sanz, Aroa</subfield>
<subfield code="e">author</subfield>
</datafield>
<datafield tag="260" ind1=" " ind2=" ">
<subfield code="c">2021</subfield>
</datafield>
<datafield tag="520" ind1=" " ind2=" ">
<subfield code="a">Con la Ley Orgánica 1/2015 de 30 de marzo de 2015, se modificó la Ley Orgánica 10/1995 y se introdujeron importantes modificaciones en el Código Penal destacando la incorporación de la pena de Prisión Permanente Revisable. &#xd;
Esta pena solo se aplicará a aquellos delitos más graves. Se trata de dar una respuesta extraordinaria consistente en una pena de prisión de duración indeterminada, aunque sujeta a un régimen de revisión entendido como un supuesto de libertad condicional o de suspensión de la ejecución de la pena. &#xd;
No obstante, esta sanción es altamente cuestionable entre la doctrina debido a su posible inconstitucionalidad, asemejándola a la cadena perpetua por la duración de la pena.</subfield>
</datafield>
<datafield tag="024" ind2=" " ind1="8">
<subfield code="a">https://uvadoc.uva.es/handle/10324/48146</subfield>
</datafield>
<datafield ind1=" " ind2=" " tag="653">
<subfield code="a">Penas de prisión-España</subfield>
</datafield>
<datafield tag="245" ind1="0" ind2="0">
<subfield code="a">Prisión permanente revisable: aplicación en sus primeros años de vigencia.</subfield>
</datafield>
</record></metadata></record></GetRecord></OAI-PMH>